TESTIMONIO ZAPOPANO : RAFAELA GONZALEZ CHAVEZ PLATICA CON ANA MARIA DE LA O CASTELLANOS /
INDICE
Salvato in:
| Autore principale: | |
|---|---|
| Natura: | Libro |
| Soggetti: | |
| Tags: |
Nessun Tag, puoi essere il primo ad aggiungerne!!
|
MARC
| LEADER | 00000nam^a2200000^a^4500 | ||
|---|---|---|---|
| 001 | 000236688 | ||
| 005 | 20250521000000.0 | ||
| 009 | 20260310104904.678 | ||
| 020 | |a 968-6142-32-0 | ||
| 035 | |a 056595 | ||
| 037 | |a Acervo Xavier Clavigero | ||
| 082 | |a 972. 35 |b CAS | ||
| 100 | |a Castellanos, Ana María de la O |e (autor) | ||
| 245 | 1 | 0 | |a TESTIMONIO ZAPOPANO : |b RAFAELA GONZALEZ CHAVEZ PLATICA CON ANA MARIA DE LA O CASTELLANOS / |c ANA MARIA DE LA O CASTELLANOS |
| 264 | |a Guadalajara, México : |b El Colegio de Jalisco, |c 1994 | ||
| 300 | |a 102 p. | ||
| 336 | |a texto |b txt |2 rdacontenido | ||
| 337 | |a sin mediación |b n |2 rdamedio | ||
| 338 | |a volumen |b nc |2 rdasoporte | ||
| 520 | |a INDICE | ||
| 649 | |a XX | ||
| 650 | |a Zapopan, Jalisco - |x Historia | ||
| 910 | |a Fondo General | ||
| 920 | |a Impresos - Libros | ||
| 930 | |a Colección General | ||
| 905 | |a 101 | ||
| 901 | |a 056595 |b IT1 |c ACC |i 056595 |u 20250521 | ||
| 901 | |a 056596 |b IT1 |c ACC |i 056596 |u 20250521 | ||
| 902 | |a https://opac.biblio.iteso.mx/vufind/Record/000236688 | ||